The Cheetah - Portrayals by Picture - Statistics

General Stats
  • This quiz has been taken 5 times
  • The average score is 2 of 14
Answer Stats
Picture Answer % Correct
Kristen Wiig
67%
Erica Luttrell
33%
Laura Bailey
33%
Tara Strong
33%
Adrienne Mishler
0%
Ashley Eckstein
0%
Claudia Black
0%
Erica Luttrell
0%
Erica Luttrell
0%
Kimberly Brooks
0%
Kirby Howell-Baptiste
0%
Marlene Aragon
0%
Morena Baccarin
0%
Sheryl Lee Ralph
0%
No matching quizzes found
Score Distribution
Percent of People with Each Score
Percentile by Number Answered
Your Score History
You have not taken this quiz